Strongest Black Clover Characters - Statistics

General Stats
  • This quiz has been taken 44 times
  • The average score is 10 of 19
Answer Stats
Hint Answer % Correct
2 Asta
100%
3 Yuno
97%
6 Yami Sukehiro
95%
14 Julius Novachrono
81%
5 Mereoleona Vermillion
65%
4 Noelle Silva
65%
19 William Vangeance
65%
13 Dante Zogratis
62%
1 Lucius Zogratis
59%
11 Nacht Faust
59%
17(interchangeable) Nozel Silva
54%
12 Zenon Zogratis
51%
17(interchangeable) Fuegoleon Vermillion
49%
16 Vanica Zogratis
49%
7 Morgen Faust
24%
10 Acier Silva
14%
15 Yami Ichika
14%
9 Damnatio
11%
8 Moris
11%
No matching quizzes found
Score Distribution
Percent of People with Each Score
Percentile by Number Answered
Your Score History
You have not taken this quiz